书目信息 |
| 题名: |
招聘与录用
|
|
| 作者: | 董福荣 , 赵云昌 编著 | |
| 分册: | ||
| 出版信息: | 大连 东北财经大学出版社 2006.07 |
|
| 页数: | 341页 | |
| 开本: | 21cm | |
| 丛书名: | 21世纪高等院校人力资源管理专业教材新系 | |
| 单 册: | ||
| 中图分类: | C913.2 | |
| 科图分类: | ||
| 主题词: | 人才--ren cai--招聘--高等学校--教材 | |
| 电子资源: | ||
| ISBN: | 7-81084-836-4 | |
| 000 | 01153nam 2200277 450 | |
| 001 | 012006549351 | |
| 005 | 20070529095928.51 | |
| 010 | @a7-81084-836-4@dCNY20.00 | |
| 100 | @a20061225d2006 km y0chiy0120 ea | |
| 101 | 0 | @achi |
| 102 | @aCN@b210000 | |
| 105 | @aa a 000yy | |
| 200 | 1 | @a招聘与录用@Azhao pin yu lu yong@d= Recruitment & employment@f董福荣, 赵云昌编著@Fdong fu rong,zhao yun chang bian zhu@zeng |
| 210 | @a大连@c东北财经大学出版社@d2006.07 | |
| 215 | @a341页@c图@d21cm | |
| 225 | 2 | @a21世纪高等院校人力资源管理专业教材新系@A21 shi ji gao deng yuan xiao ren li zi yuan guan li zhuan ye jiao cai xin xi |
| 320 | @a有书目 (第340-341页)。 | |
| 330 | @a本书从介绍招聘的一般概念开始,到招聘过程的展开、招聘渠道的选择、招聘方法的 采用、员工录用、评估、国外企业的招聘和借鉴、我国企业招聘存在的问题与发展。 | |
| 410 | 0 | @12001 @a21世纪高等院校人力资源管理专业教材新系 |
| 510 | 1 | @aRecruitment & employment@zeng |
| 606 | 0 | @a人才@Aren cai@x招聘@x高等学校@j教材 |
| 690 | @aC913.2@v4 | |
| 701 | 0 | @a董福荣@Adong fu rong@4编著 |
| 701 | 0 | @a赵云昌@Azhao yun chang@4编著 |
| 801 | 0 | @aCN@c20070529 |
| 905 | @b233323-25@dC913.2@eD695 | |
| 招聘与录用= Recruitment & employment/董福荣, 赵云昌编著.-大连:东北财经大学出版社,2006.07 |
| 341页:图;21cm.-(21世纪高等院校人力资源管理专业教材新系) |
| ISBN 7-81084-836-4:CNY20.00 |
| 本书从介绍招聘的一般概念开始,到招聘过程的展开、招聘渠道的选择、招聘方法的 采用、员工录用、评估、国外企业的招聘和借鉴、我国企业招聘存在的问题与发展。 |
| ● |
| 相关链接 |
|
|
|
正题名:招聘与录用
索取号:C913.2/D695
 
预约/预借
| 序号 | 登录号 | 条形码 | 馆藏地/架位号 | 状态 | 备注 |
| 1 | 233323 | 202333233 | 社科库509/509社科库 61排5列4层/ [索取号:C913.2/D695] | 在馆 | |
| 2 | 233324 | 202333242 | 社科库509/509社科库 61排5列4层/ [索取号:C913.2/D695] | 在馆 | |
| 3 | 233325 | 202333251 | 社科库509/509社科库 61排5列4层/ [索取号:C913.2/D695] | 在馆 |